| 000 | 01448cam a2200289zu 4500 | ||
|---|---|---|---|
| 001 | 45003232 | ||
| 003 | FRCYB45003232 | ||
| 005 | 20251020123054.0 | ||
| 006 | m o d | ||
| 007 | cr un | ||
| 008 | 251020s2005 fr | o|||||0|0|||fre d | ||
| 020 | _a9782916147055 | ||
| 035 | _aFRCYB45003232 | ||
| 040 |
_aFR-PaCSA _bfr _c _erda |
||
| 100 | 1 | _aRoman, Pascal | |
| 245 | 0 | 1 |
_aMont Blanc, conquête du toit de l'Europe _c['Roman, Pascal', 'Phalippou, Jérôme'] |
| 264 | 1 |
_bEditions de l'Astronome _c2005 |
|
| 300 | _a p. | ||
| 336 |
_btxt _2rdacontent |
||
| 337 |
_bc _2rdamdedia |
||
| 338 |
_bc _2rdacarrier |
||
| 650 | 0 | _a | |
| 700 | 0 | _aRoman, Pascal | |
| 700 | 0 | _aPhalippou, Jérôme | |
| 856 | 4 | 0 |
_2Cyberlibris _uhttps://international.scholarvox.com/netsen/book/45003232 _qtext/html _a |
| 520 | _aToit de l'Europe, Taupinière Blanche, Sommité, Géant des Alpes, le mont Blanc possède de nombreux surnoms, preuve de sa notoriété. Berceau de l'alpinisme, il est le théâtre de nombreux exploits, mais également de drames et de désillusions.Cet ouvrage raconte la conquête, en 1786, de la plus haute montagne d’Europe. Mais aussi l’histoire des premières femmes et des premiers scientifiques qui ont gravi le mont Blanc. Sans oublier les « conquêtes » touristiques à travers les constructions du train du Montenvert, du téléphérique de l’aiguille du Midi et du tunnel du Mont-Blanc. | ||
| 999 |
_c1552938 _d1552938 |
||